|
|
|
|
| LEADER |
00671nta a2200181 i 4500 |
| 001 |
dipl92174 |
| 005 |
20200907123319.0 |
| 008 |
200902s2009 hu om 0|| zxx d |
| 040 |
|
|
|a SZTE Diploma Repozitórium
|b hun
|
| 041 |
|
|
|a zxx
|
| 100 |
1 |
|
|a Varga Erika Diána
|
| 245 |
1 |
2 |
|a A gyermekvárosok, mint a gyermekvédelem egyik lehetséges formája
|h [elektronikus dokumentum] /
|c Erika Diána Varga
|
| 260 |
|
|
|c 2009
|
| 650 |
|
4 |
|a Orvos- és egészségtudományok
|
| 650 |
|
4 |
|a Medical and health sciences
|
| 650 |
|
4 |
|a Health sciences
|
| 700 |
2 |
|
|a Váriné Feró Mária
|e ths
|
| 856 |
4 |
0 |
|u http://diploma.bibl.u-szeged.hu/id/eprint/92174/1/2009_varga_erika_diana.pdf
|z Dokumentum-elérés
|